Statystyki dla Największe miasta ZSRR

Kliknij tutaj aby rozwiązać quiz!

Ogólne statystyki

  • Ten quiz został rozwiązany 487 razy
    (471 od ostatniego zresetowania)
  • Średni wynik to 10 z 26

Statystyki odpowiedzi

lp.PopulacjaMiasto% Poprawnych
112 330 943Moskwa
100%
32 933 537Kijów
88%
61 974 819Mińsk
83%
25 225 219Leningrad
77%
91 451 028Charków
64%
52 262 600Baku
50%
221 016 739Wołgograd
49%
231 014 255Odessa
44%
121 216 308Kazań
42%
171 125 032Erywań
39%
161 144 400Tbilisi
37%
151 170 184Samara
32%
42 309 600Taszkent
31%
141 178 583Omsk
29%
181 119 448Rostów nad Donem
27%
71 829 019Ałmaty
25%
211 041 672Perm
25%
191 110 291Ufa
25%
261 000 700Dniepr
21%
131 191 458Czelabińsk
16%
111 266 592Gorki
15%
251 003 678Aszchabad
14%
101 444 738Świerdłowsk
14%
201 047 966Celinograd
9%
241 005 996Szymkent
2%
81 584 921Nowosyrbirsk
0%

Rozkład punktacji

Percentyl według liczby udzielonych odpowiedzi

Procent ludzi z każdym wynikiem

Twoja historia wyników

Nie rozwiązałeś tego quizu od ostatniego zresetowania